Statistics for Titanic trivia quiz

Click here to take the quiz!

General Stats

  • This quiz has been taken 476 times
    (467 since last reset)
  • The average score is 11 of 17

Answer Stats

Hint Answer % Correct
Who is the lead female character?Rose Dewitt Bukater
96%
Who is the lead male character?Jack Dawson
93%
Lead actress who plays aboveKate Winslet
93%
What year was the film released?1997
92%
Who sang the hit song "My Heart Will Go On"?Celine Dion
92%
Who directed the film?James Cameron
84%
How many did it win?11
79%
How many Oscars was the film nominated for?14
78%
What was the name of the lead female's fiancé?Caledon Hockley
65%
Who was the composer?James Horner
61%
Who did Kathy Bates play?Molly Brown
53%
Name the ship's designerThomas Andrews
52%
In which city was the ship built?Belfast
51%
Name the ship's captainE.J. Smith
50%
Who plays the lead male character?Leonardo Dicaprio
48%
Name the actor who played the aboveVictor Garber
13%
Who played the 100 year old version of the lead female character?Gloria Stuart
3%

Score Distribution

Percentile by Number Answered

Percent of People with Each Score

Your Score History

You have not taken this quiz since the last reset